1786 1958 1127 1170 1020 1772 1421 1125 1329 1679 1912 1666 1077 1446 1713 1987 1043 1184 1992 1463 1782 1723 1156 1811 1305 1118 1654 1809 1817 1715 1834 1028 1645 1048 1567 1649 1746 1552 1220 1389 1852 1742 1292 1237 1806 1639 1654 1517 1879 1936 1077 1795 1957 1726 1708 1703 1622 1065 1995 1023 1256 1440 1328 1208 1524 1653 1727 1424 1793 1861 1265 1060 1006 1802 1430 1803 1487 1595 1200 1021 1946 1324 1121 1357 1900 1414 1780 1053 1602 1788 1680 1717 1833 1982 1114 1757 1677 1734 1830 BCNSPRNW ULIB Ver.6.0+V

เปลี่ยนเป็นภาษาไทย

Change to English
 แสดงรายละเอียดบรรณานุกรม
  กลับหน้าหลัก

Brief Record : Get Marc (ISO 2709) : E-mail record : QR code < ปิดหน้าต่าง
LEADER : 00000nam 2200000uu 4500
001    13399108763
003     ULIB
008    110314s2550||||th 000 0 tha d
020    9748534707
060 04 W21^bพ685ห ล.1 2550
100 0  พินิจ ลิ้มสุคนธ์
245 10 หมอปากหมา. เล่ม 1 /^cพินิจ ลิ้มสุคนธ์
250    พิมพ์ครั้งที่13
260    เชียงใหม่ :^bThe Knowledge Center,^c2550
300    154 หน้า :^bภาพประกอบ ;^c21 ซม.
650  7 การแพทย์^vรวมเรื่อง
650  7 ผู้ป่วย^vรวมเรื่อง
945    ^p135^l0^i025172
995    ทศพร
999 ^a ใช้งานได้ทุกระบบ
รายการนี้ยังไม่มีแท็ก
คุณยังไม่ได้ล็อกอิน คุณสามารถมีกิจกรรมร่วมกับเว็บไซต์ได้ แต่ต้องล็อกอินก่อน ::
  ล็อกอิน

รายการสื่อสารสนเทศ

ลำดับที่ ประเภท เลขเรียก/บาร์โค้ด สถานที่ สถานะ
- ไม่พบข้อมูล -

รายการใกล้เคียง
    ผู้แต่ง [พินิจ ลิ้มสุคนธ์]

BibComment


ยังไม่เคยถูกคอมเมนท์

คอมเมนท์ทรัพยากรรายการนี้
  คอมเมนท์: หมอปากหมา เล่ม 1 ..


 Copyright 2026. Bcnsprnw @Library